<?xml version="1.0" encoding="UTF-8"?>
<collection xmlns="http://www.loc.gov/MARC21/slim">
 <record>
  <leader>00781pamaa2200205   4500</leader>
  <controlfield tag="001">0000047442</controlfield>
  <controlfield tag="005">20130815090000.0</controlfield>
  <controlfield tag="008">100707                             eng  </controlfield>
  <datafield tag="020" ind1="0" ind2="0">
   <subfield code="a">9780520229365 (pbk.) </subfield>
  </datafield>
  <datafield tag="090" ind1="0" ind2="0">
   <subfield code="a">R127.1 </subfield>
   <subfield code="b">HUA 2002</subfield>
  </datafield>
  <datafield tag="240" ind1="0" ind2="0">
   <subfield code="a">Su wen</subfield>
  </datafield>
  <datafield tag="245" ind1="1" ind2="0">
   <subfield code="a">Huang Ti nei ching su wen : </subfield>
   <subfield code="b">The Yellow Emperor's classic of internal medicine  </subfield>
   <subfield code="c">Chapters 1-34 translated from the Chinese with an introductory study by Ilza Veith.</subfield>
  </datafield>
  <datafield tag="260" ind1="0" ind2="0">
   <subfield code="a">Berkeley, LA: </subfield>
   <subfield code="b">University of California Press, </subfield>
   <subfield code="c">2002.</subfield>
  </datafield>
  <datafield tag="300" ind1=" " ind2=" ">
   <subfield code="a">ix, 260 p.: </subfield>
   <subfield code="b">illus., facsim; </subfield>
   <subfield code="c">24 cm.</subfield>
  </datafield>
  <datafield tag="500" ind1="0" ind2="0">
   <subfield code="a">Bibliography: p. 91-94</subfield>
  </datafield>
  <datafield tag="501" ind1="0" ind2="0">
   <subfield code="a">FMHS</subfield>
  </datafield>
  <datafield tag="650" ind1="0" ind2="0">
   <subfield code="a">Medicine, Chinese -- </subfield>
   <subfield code="x">Early works to 1800 </subfield>
  </datafield>
  <datafield tag="700" ind1="1" ind2="1">
   <subfield code="a">Veith, </subfield>
   <subfield code="h">Ilza </subfield>
  </datafield>
  <datafield tag="745" ind1="0" ind2="0">
   <subfield code="a">Yellow Emperor's classic of internal medicine</subfield>
  </datafield>
  <datafield tag="901" ind1=" " ind2=" ">
   <subfield code="u">www.ucpress.edu</subfield>
  </datafield>
 </record>
</collection>
